Tippe keine Vokale! - Sudden Death - Statistiken

Allgemein
  • Dieses Quiz wurde 119 mal gespielt
  • Das Durchschnittsergebnis liegt bei 8 aus 50
Antwortstatistiken
% Korrekt
K
28%
B
27%
B
26%
C
25%
L
25%
H
24%
K
24%
M
24%
B
23%
H
23%
L
23%
R
23%
W
23%
G
22%
M
21%
P
21%
P
20%
D
19%
J
19%
M
19%
Q
19%
X
19%
Y
19%
C
18%
H
18%
H
18%
J
18%
R
18%
V
18%
V
18%
C
17%
D
17%
F
17%
F
17%
L
17%
M
17%
Q
17%
S
17%
T
17%
W
17%
X
17%
Z
17%
Z
17%
D
16%
D
16%
F
16%
F
16%
K
16%
K
16%
P
16%
S
16%
X
16%
G
15%
J
15%
Q
15%
S
15%
T
15%
V
15%
Y
15%
B
14%
L
14%
Q
14%
T
14%
Y
14%
G
13%
S
13%
W
13%
Z
13%
N
12%
T
12%
V
12%
X
12%
Y
12%
J
11%
N
11%
N
11%
R
11%
W
11%
Z
11%
G
10%
P
10%
R
10%
N
9%
C
8%
Keine übereinstimmenden Quizze gefunden
Verteilung der Resultate
Anzahl Personen mit jedem Resultat
Perzentil nach korrekt beantworteten Fragen
Ihre Resultats-Entwicklung
Sie haben dieses Quiz noch nicht gespielt